Manual de percepción : raíces históricas y filosóficas /

में बचाया:
ग्रंथसूची विवरण
मुख्य लेखक: Carterette, Edward C. (autor)
अन्य लेखक: Friedman, Morton P. (autor) (autor)
स्वरूप: पुस्तक
भाषा:स्पेनिश
प्रकाशित: México : Trillas, 1982, c1982
विषय:
टैग: टैग जोड़ें
कोई टैग नहीं, इस रिकॉर्ड को टैग करने वाले पहले व्यक्ति बनें!

MARC

LEADER 00000nam^a2200000^a^4500
001 000018422
005 20250521000000.0
009 20260310084218.936
020 |a 968-24-1148-3 
037 |a Acervo ITESO - Biblioteca 
041 |a ESP 
082 |a 152. 1  |b CAR 
100 |a Carterette, Edward C.  |e (autor) 
245 1 0 |a Manual de percepción :  |b raíces históricas y filosóficas /  |c E.C. Carterette, M.P. Friedman ; tr. por Alfonso Flores Medina. 
264 4 |a México :  |b Trillas,  |c 1982, c1982 
300 |a 468 p. 
336 |a texto  |b txt  |2 rdacontenido 
337 |a sin mediación  |b n  |2 rdamedio 
338 |a volumen  |b nc  |2 rdasoporte 
500 |a Traducción de: Handbook of Perception 
649 |a XX 
650 |a Psicología 
650 |a Percepción 
700 |a Friedman, Morton P.  |e (autor) 
910 |a Fondo General 
920 |a Impresos - Libros 
930 |a Colección General 
905 |a 101 
901 |a 0184220100  |b IT1  |c ACC  |i 018422  |u 20250521 
902 |a https://opac.biblio.iteso.mx/vufind/Record/000018422